LEADER 03128nas 2200769-a 450 001 9910145336103321 005 20260218112410.0 035 $a(DE-599)ZDB2229625-6 035 $a(CKB)1000000000276885 035 $a(CONSER)--2001238611 035 $a(DE-599)2229625-6 035 $a(EXLCZ)991000000000276885 100 $a20000729a20009999 -f- - 101 0 $aeng 181 $ctxt$2rdacontent 182 $cc$2rdamedia 183 $acr$2rdacarrier 200 00$aIndustrial relations in Europe 210 $aLuxembourg $cOffice for Official Publications of the European Communities ;$aLanham, Md. $cBernan Associates [distributor]$dc2000- 215 $a1 online resource 225 1 $aEmployment & social affairs. Industrial relations and industrial change 311 08$aPrint version: Industrial relations in Europe. 1680-3515 (DLC) 2001238611 (OCoLC)44682991 410 0$aEmployment & social affairs.$pIndustrial relations and industrial change. 531 $aINDUSTRIAL RELATIONS IN EUROPE REPORT 531 $aINDUSTRIAL RELATIONS DEVELOPMENTS IN EUROPE 606 $aIndustrial relations$zEurope$vStatistics$vPeriodicals 606 $aLabor laws and legislation$zEurope$vPeriodicals 606 $aLabor market$zEurope$vStatistics$vPeriodicals 606 $aRelations industrielles$zEurope$vStatistiques$vPériodiques 606 $aTravail$xDroit$xLégislation$zEurope$vPériodiques 606 $aTravail$zEurope$xStatistiques$vPériodiques 606 $a85.63 industrial relations$3(NL-LeOCL)077607678$2bcl 606 $aIndustrial relations$2fast$3(OCoLC)fst00971609 606 $aLabor laws and legislation$2fast$3(OCoLC)fst00989967 606 $aLabor market$2fast$3(OCoLC)fst00990036 606 $aIndustriepolitiek$2gtt 606 $aSociale politiek$2gtt 606 $aArbeidsomstandigheden$2gtt 606 $aIndustrial relations$zEurope$vStatistics$vPeriodicals$2nli 606 $aLabor laws and legislation$zEurope$vPeriodicals$2nli 606 $aLabor market$zEurope$vStatistics$vPeriodicals$2nli 607 $aEurope$2fast$1https://id.oclc.org/worldcat/entity/E39PBJxCxPbbk4CPJDQJb4r6rq 608 $aPeriodicals.$2fast 608 $aStatistics.$2fast 608 $aPeriodicals.$2lcgft 615 0$aIndustrial relations 615 0$aLabor laws and legislation 615 0$aLabor market 615 6$aRelations industrielles 615 6$aTravail$xDroit$xLégislation 615 6$aTravail$xStatistiques 615 7$a85.63 industrial relations. 615 7$aIndustrial relations. 615 7$aLabor laws and legislation. 615 7$aLabor market. 615 17$aIndustriepolitiek. 615 17$aSociale politiek. 615 17$aArbeidsomstandigheden. 615 7$aIndustrial relations 615 7$aLabor laws and legislation 615 7$aLabor market 712 02$aEuropean Commission.$bDirectorate-General for Employment and Social Affairs.$bDirectorate D. 906 $aJOURNAL 912 $a9910145336103321 920 $aexl_impl conversion 996 $aIndustrial relations in Europe$9415390 997 $aUNINA